000
00493nam a2200133Ia 4500
008
100328s9999 xx 000 0 und d
082
_b
59337
100
_a
भावे राम.
245
_a
ौर्यमेरु (संमिश्र एकांकिका).
260
_b
आभा.
630
_a
ौर्यमेरु (संमिश्र एकांकिका).
730
_a
ौर्यमेरु (संमिश्र एकांकिका).
942
_c
BOOK
999
_c
545574
_d
545571